=LDR 00000nam 2200000 4500 =001 INLIS000000000017474 =005 20130612112701 =008 ***********************************Ind** =035 ##$$0010-061300000017474 =041 ##$$a Ind =082 ##$$a 363.46 =090 ##$$a 363.46, Fra d =100 ##$$a Frater, Ali =245 ##$$a Dilema abortus, Alison frater ; catherina wright ; alih bahasa., Lilian Yuwono ; editor, Surya Satyanegara =260 ##$$a 1991 $b Jakarta =300 ##$$a viii, 119 hlm, ilus, 19 cm =650 ##$$a Pengguguran =850 ##$$a NBPNMAT